Регионална библиотека "Любен Каравелов" - Русе

"Зрелост" и "Бодрост" (Запис номер 363611)

MARC детайли
000 -Лидер
Контролно поле с фиксирана дължина 01728nam a2200385 c 4500
003 - Код на организацията, давaща контролен номер
Контролно поле BLK
005 - Дата и час на последна редакция
Контролно поле 20200521182152.0
008 - Елементи от данни с фиксирана дължина
fixed length control field 200311b bul|||||r ||||||| ||bul||
010 ## - Наследен системен номер
LC control number KNG00098748RET
040 ## - Източник на каталожния запис
Идентификатор на билиотеката - собственик на записа BLK
041 ## - Код за език
Код за езика на текст/звукозапис или на отделно заглавие Български
Код за езика КДБФ Български
080 ## - УДК
Текстов определител УДК Спортни състезания. Рекорди
УДК код - определител по УДК 796.09
УДК определител (07)
УДК - код + определител 796.09
100 1# - Редна дума - Автор
Автор Давидов, Д.
Авторска отговорност първи автор
R(LIN) 411689
139 ## - Редно поле
Редна дума Давидов, Давид В. и др.
245 10 - Сведения за заглавието
Заглавие "Зрелост" и "Бодрост"
Подзаглавни данни Метод. ръководство за покриване на нормат. изисквания на НФК [Нац. физкулт. комплекс] "Родина"
Редно поле (дума) Д. Давидов; Съавт. К. Жалов; Съавт. П. Банков; Константин Н. Жалов; Петър Ал. Банков; Давид В. Давидов.
257 ## - Страна на издаване
Страна на създаване/издаване България
260 ## - Област на издателските данни
Място на издаване, разпространение и проч. София
Име на издателя, разпространителя и проч. Медицина и физкултура
Година на издаване 1984
Печатница Пловдив : Д. Благоев
300 ## - Физическа характеристика
Страници 79 с.
Илюстрации и др. с табл.
Размери/Мащаб 20 см
380 ## - Жанр
Жанр 793/799 Спорт
490 1# - СЕРИИ (Колекции)
Име на серия Национален физкултурен комплекс "Родина"
500 ## - Общи забележки
Забележка 5 110 тир. 0,61 лв.
700 1# - Други автори (авторска отговорност)
Лично име Жалов, К.
Автороска отговорност (Описва отношението между автора и произведението) съавт.
9 (RLIN) 411690
700 1# - Други автори (авторска отговорност)
Лично име Банков, П.
Автороска отговорност (Описва отношението между автора и произведението) съавт.
9 (RLIN) 411691
700 1# - Други автори (авторска отговорност)
Лично име Жалов, Константин Н.
9 (RLIN) 411692
700 1# - Други автори (авторска отговорност)
Лично име Банков, Петър Ал.
9 (RLIN) 411693
700 1# - Други автори (авторска отговорност)
Лично име Давидов, Давид В.
9 (RLIN) 411694
852 ## - Местоположение
Форматна сигнатура Цб 128240
856 4# - Електронен адрес и достъп
Електронен формат pdf - файл
Път до файла /url/
856 4# - Електронен адрес и достъп
Електронен формат pdf - файл
Път до файла /url/
999 ## - СИСТЕМНИ КОНТРОЛНИ НОМЕРА
Koha biblionumber 363611
Koha biblioitemnumber 363611
942 ## - АРТИКУЛИ
Вид на библиотечния материал Книги
Скрит в OPAC Не
Периодичен библиозапис Да
944 ## - СЪЗДАВАНЕ И РЕДАКЦИЯ на ЗАПИСА
Създаване/Редакция Създаване
Дата на регистрацията/редакция 2020-05-21
Служител, извършил регистрацията/редакцията Мартин Енчев
999 ## - СИСТЕМНИ КОНТРОЛНИ НОМЕРА
Koha biblioitemnumber 435170
Наличности
Код за отписване Код за изгубен артикул Източник на класификационната схема Код за повреда Код за отдаване Артикулен № Име на библиотеката - собственик Име на библиотеката, в която се намира в момента Статус (Текущо местоположение) Дата на вписване в системата Местоположение - отдел Цена в лева Инвентарен номер Систематично азбучна сигнатура Баркод Цена в евро Служебен тип на артикула
  Не е изгубен Universal Decimal Classification Не е повреден ползва се в читалня 771761 Регионална библиотека "Любен Каравелов" Русе Регионална библиотека "Любен Каравелов" Русе Хранилище 2020-05-25 Хранилище 0.61 410249 Цб 128240 900000012231 0.31 Книги
Vip Innovations Ltd, Rousse, Bulgaria 2025